000 01077cam a2200301 i 4500
001 1615
005 20231211150602.0
020 _a9780531259498 (library binding : alk. paper)
020 _a0531186423
020 _a9780531245057 (pbk. : alk. paper)
040 _aDLC
_beng
_cDLC
_erda
_dDLC
050 0 0 _aG530.T6
_bS824 2013
082 0 0 _a910.9163/4
_223
100 1 _aStewart, David,
_d1954-
245 1 0 _aYou wouldn't want to sail on the Titanic! :
_bone voyage you'd rather not make /
_cwritten by David Stewart ; illustrated by David Antram.
250 _aRevised edition.
260 _aNew York :
_bScholastic,
_c2001
300 _a32 pages ;
_c25 cm.
490 0 _aYou wouldn't want to...
505 _aS
520 _aOffers a humorous but factual look at the ill-fated voyage of the R.M.S. Titanic.
521 _a940
_bLexile IG
521 _aS
_bRaz-Plus
650 0 _aShipwrecks
_zNorth Atlantic Ocean
_vJuvenile literature.
700 1 _aAntram, David,
_d1958-
_eillustrator.
906 _a7
_bcbc
_corignew
_d1
_eecip
_f20
_gy-gencatlg
942 _2ddc
_cBK
_n0
999 _c1615
_d1615